000 01256nam a2200337 a 4500
001 000111369
003 CHAP
005 20220329144208.0
008 150331s2015 mx sm |||||||spa d
010 _a107831
011 _a108803
040 _cCHAP
090 _aTesis
100 1 _aLeón Martínez, Alberto
_9129227
245 1 0 _aPyoyecto por evolución de la empresa barel, en el Municipio de Nopala de Villagrán, Hgo.
_h[En línea]
_cpor Alberto León Martínez y Cruz David Solís Rizo.
260 _aChapingo, Méx. :
_bEl autor,
_c2015.
500 _aPara ver el contenido del material haga clic en la liga
502 _aTesis (Ing. Agr. Esp. en Agroindustrial) -- UACH. Departamento de Ingeniería Agroindustrial
590 _aE5765TAJ
_b05
_c20150331
_lUCH01
_h1313
590 _aE5765TAJ
_b05
_c20150331
_lUCH01
_h1314
590 _aE5765TAJ
_b05
_c20150414
_lUCH01
_h1105
650 1 4 _aIndustria lechera.
_957819
650 1 4 _aLeche
_xNormas de calidad.
_965396
650 1 4 _aLeche
_xSubproductos.
_965410
650 1 4 _aProductos lácteos
_xMercadeo.
_992134
700 1 _aSolís Rizo, Cruz David
_9129228
856 _aFinding aid
_uhttp://10.13.5.2/tesis/sist111369.pdf
_zTeclea aquí
901 _aBK
942 _cTESIS
942 _n0
999 _c107831
_d107831